| 000 | 00833nam a2200265Ia 4500 | ||
|---|---|---|---|
| 003 | OSt | ||
| 005 | 20220928111222.0 | ||
| 006 | a|||||r|||| 00| 0 | ||
| 007 | ta | ||
| 008 | 220927b |||||||| |||| 00| 0 hin d | ||
| 020 |
_a9788183618625 _cINR 1995.00 |
||
| 024 | _a145808 | ||
| 037 |
_bBR5696, 28/12/2021, Rajkamal Prakashan Pvt.Ltd. _cTextual |
||
| 040 |
_aSDCL _cSDCL _bhin |
||
| 041 |
_2hin _ahin |
||
| 082 | _aWk, Q7 | ||
| 100 |
_aMaheshwari Ashok _9422781 |
||
| 245 | 0 | _aRadhakrishna Nobel puraskar kosh | |
| 260 |
_aDelhi _bRadhakrishna Prakashan _c2017 |
||
| 300 |
_a695p. _ccm. |
||
| 650 |
_aHindi Journalism _9391577 |
||
| 700 |
_a Kapur Ramesh _9422782 |
||
| 942 |
_hWk, Q7 _cTEXL _2CC |
||
| 999 |
_c739195 _d739195 |
||